000 00665pam a2200229 a 4500
001 3959404
005 20180309080810.0
008 940502s1994 njua 001 0aeng
010 _a 94011590
020 _a1559722657 (cloth) :
_c$22.50
040 _aDLC
_cDLC
_dDLC
041 _aeng
043 _an-us---
080 _a340.092 KUN
082 0 0 _a340.092 KUN
_aB
_220
100 1 _a14
101 _aJUR
245 1 0 _aMy life as a radical lawyer /
_cWilliam Kunstler with Sheila Isenberg.
906 _a7
_bcbc
_corignew
_d1
_eocip
_f19
_gy-gencatlg
942 _2ddc
_cBK
999 _c44610
_d44610